[Event "WJCC U20 Girls 2019"]
[Site "New Delhi"]
[Date "2019.10.17"]
[Round "4.2"]
[White "Priyanka Nutakki"]
[Black "Arpita, Mukherjee"]
[Result "1/2-1/2"]
[WhiteElo "2248"]
[BlackElo "2271"]
[Annotator "TA"]
[PlyCount "149"]
[EventDate "2019.10.15"]
[EventType "swiss"]
[EventCountry "IND"]
[SourceTitle "playchess.com"]
[Source "ChessBase"]
[SourceQuality "1"]

{[%evp 9,149,0,24,0,0,0,14,23,20,0,-11,-7,0,0,0,0,0,-17,0,-8,13,6,20,-38,-3,-34,-41,-61,-20,-69,5,-75,-80,-105,-27,-73,-12,-128,0,0,0,-105,-108,-114,-110,-109,-111,-122,-71,-80,-78,-149,-106,-153,-41,-44,-45,-137,-137,-194,-194,-193,-189,-194,-192,-187,-156,-167,0,-164,-162,-169,-168,-181,-189,-225,-176,-189,-176,-172,-164,-168,-144,-268,-231,-238,-247,-428,-316,-299,-206,-204,-217,-213,-213,-390,-390,-390,-390,-356,-226,-218,-200,-202,-202,-201,-202,-255,-241,-316,-259,-249,-255,-311,-334,-330,-317,-315,-309,-264,-74,-73,-70,-135,-134,-139,-135,-205,-211,-176,0,-4,0,-148,0,0,0,0,0,0,0,0]} 1. c4 e5 2. g3 c6 3. d4 e4 4. Bg2 (4. Qa4 d5 5. cxd5 Nf6 6. Nc3 b5 7. Qc2 Bb4 8. Bg5 cxd5 9. e3 a6 10. a4 h6 11. Bxf6 Qxf6 12. axb5 {1-0 (39) Anton Guijarro,D (2674)-Sunilduth Lyna,N (2611) Khanty-Mansiysk 2019}) 4... d5 5. Nc3 Bb4 6. cxd5 {A20: English Opening: 1...e5} cxd5 7. Nh3 Nc6 8. O-O Nge7 9. a3 Bxc3 10. bxc3 b6 $146 ({Predecessor:} 10... O-O 11. f3 f5 12. Bg5 Qc7 {0-1 (39) Angel Lobo,J-Boo Martin,C Asturias 1998}) 11. f3 exf3 12. Rxf3 O-O 13. Qd3 h6 14. Nf2 Ng6 15. a4 Be6 16. h4 (16. e4 $11) 16... Re8 17. Bd2 Na5 18. Re1 Nc4 19. e4 Rc8 ({Black should try} 19... Qd7 $15) 20. h5 (20. e5 $1 $11 {keeps the balance.}) 20... Nf8 $17 21. Rf4 Nxd2 (21... Qd7 $17) 22. Qxd2 {Black should prevent exd5.} Qg5 (22... Qd7 $17) 23. g4 {[#]} (23. Re3 $1 $11 {remains equal.}) 23... Bxg4 $1 {[%mdl 512]} 24. Nxg4 $11 Ne6 $36 {[%mdl 2048] Black is pushing.} 25. Nxh6+ (25. Ref1 $11 {was the only way to keep the balance.}) 25... Qxh6 $17 {[%mdl 64] Pin} 26. Rf2 Qxd2 ({But not} 26... Qxh5 27. exd5 Ng5 28. Re3 $11) 27. Rxd2 Nf4 28. Re3 Nxh5 (28... dxe4 $142 29. Rxe4 Rxe4 30. Bxe4 Rxc3) 29. e5 Nf4 30. Bh1 (30. a5 $142) 30... Re6 31. Rg3 Rec6 (31... Rh6 $17 32. Bg2 Rhc6) 32. Rf2 $1 $15 {[%cal Rf2f4]} Ne6 33. Rff3 (33. Bxd5 $15 Rxc3 34. Rg6 Rc1+ 35. Kg2) 33... Rc4 $17 34. Re3 (34. Rf2 $17) 34... Rd8 $19 ({Don't do} 34... Rxa4 35. Bxd5 a5 36. Ref3 $15) 35. Rh3 Rxa4 36. Rh4 Ra1+ 37. Kf2 Ra2+ 38. Kf1 Ra1+ 39. Kf2 $1 g5 40. Rh5 Ng7 41. Rhh3 Nf5 42. Re2 Kg7 {Strongly threatening ...g4.} 43. Bf3 Rc1 44. Bg4 Nh6 45. Bh5 Rc8 46. Ree3 (46. Rg3 $17) 46... Rc2+ 47. Ke1 g4 48. Rhg3 $2 (48. Reg3 f5 49. exf6+ Kxf6 50. Kd1 gxh3 51. Kxc2) 48... Rh8 49. e6 {White wants to play e7.} Nf5 50. Rxg4+ Kf8 $1 51. e7+ Nxe7 ({Much less strong is} 51... Ke8 52. Re5) 52. Rg5 $2 (52. Rh3 {was the only defense.}) 52... f6 53. Rf3 {[%cal Rf3f6]} Rh6 54. Re5 Rh2 55. Bg4 Rg2 56. Rh5 Rxh5 57. Bxh5 {[%mdl 4096] Endgame KRB-KRN} f5 58. Re3 Rh2 59. Bf3 a5 60. Re6 Rb2 $1 61. Rd6 a4 62. Rd8+ Kf7 {Threatens to win with ...a3.} 63. Ra8 b5 64. Kd1 Rf2 $2 (64... Kg6 $19 {has better winning chances.} 65. Kc1 Rh2) 65. Be2 $17 f4 {aiming for ...Nf5.} 66. Bxb5 (66. Ke1 $1 $15 Rg2 67. Bxb5) 66... f3 67. Rxa4 Nf5 $1 {[%cal Rf5e3] White must now prevent ...Ne3+.} 68. Ra7+ (68. Kc1 $17 {keeps fighting.}) 68... Kf6 $19 69. Ra8 {[#]} Kf7 $2 (69... Kg5 $1 $19 {And now ...Ne3+ would win.} 70. Rf8 Ra2) 70. Ra7+ $11 Kf6 ({Black should play} 70... Kg6 $11) 71. Ra8 $1 $17 {[#]} Rb2 (71... Kg5 $1 $17 {Hoping for ...Ne3+.} 72. Rg8+ Kh4) 72. Bd3 $11 {Rf8+ is the strong threat.The position is equal.} Ne3+ 73. Kc1 Rf2 74. Re8 Ng4 75. Rf8+ {Accuracy: White = 48%, Black = 58%.} 1/2-1/2

[Event "WJCC U20 Girls 2019"]
[Site "New Delhi"]
[Date "2019.10.17"]
[Round "4.3"]
[White "Shuvalova, Polina"]
[Black "Alinasab, Mobina"]
[Result "1/2-1/2"]
[WhiteElo "2412"]
[BlackElo "2239"]
[Annotator "NA"]
[PlyCount "69"]
[EventDate "2019.10.15"]
[EventType "swiss"]
[EventCountry "IND"]
[SourceTitle "playchess.com"]
[Source "ChessBase"]
[SourceQuality "1"]
[TimeControl "40/5400+30:1800+30"]

1. e4 {[%emt 0:00:00]} c5 {[%emt 0:00:00]} 2. Nf3 {[%emt 0:00:00]} d6 {[%emt 0:00:00]} 3. Bb5+ {[%emt 0:00:00]} Bd7 {[%emt 0:00:00]} 4. Bxd7+ {[%emt 0:00:01]} Qxd7 {[%emt 0:00:00]} 5. c4 {[%emt 0:00:10]} e5 {[%emt 0:00:00]} 6. d3 {[%emt 0:00:52]} Nc6 {[%emt 0:00:07]} 7. Nc3 {[%emt 0:00:20]} g6 {[%emt 0:00:15]} 8. h4 {[%emt 0:05:37]} h5 {[%emt 0:12:15]} 9. Bg5 {[%emt 0:03:16]} Bg7 {[%emt 0:02:24]} 10. Nd5 {[%emt 0:06:28]} Nce7 {[%emt 0:06:19]} 11. Nxe7 {[%emt 0:02:18]} Nxe7 {[%emt 0:00:10]} 12. Nd2 {[%emt 0:00:15]} Nc6 {[%emt 0:09:26]} (12... f6 $5 13. Be3 $8 Kf7 $11) 13. Nb1 $11 {[%emt 0:04:57]} Qg4 {[%emt 0:17:28]} 14. O-O {[%emt 0:05:31]} Qxd1 {[%emt 0:00:30]} 15. Rxd1 {[%emt 0:00:02]} Nd4 {[%emt 0:01:13]} 16. Nc3 {[%emt 0:01:10]} f6 {[%emt 0:05:45]} 17. Bd2 {[%emt 0:00:31]} Bh6 {[%emt 0:02:17]} 18. Bxh6 {[%emt 0:04:51]} Rxh6 {[%emt 0:00:16]} 19. f4 {[%emt 0:02:52]} exf4 {[%emt 0:02:53]} 20. Nd5 {[%emt 0:00:09]} Kf7 {[%emt 0:00:27]} 21. Nxf4 {[%emt 0:00:37]} g5 {[%emt 0:01:43]} 22. Nd5 {[%emt 0:04:29]} gxh4 {[%emt 0:01:56]} 23. Kh2 {[%emt 0:01:18]} Rg8 {[%emt 0:00:30]} 24. Rd2 {[%emt 0:01:23]} Rg3 {[%emt 0:08:17]} 25. Rf1 {[%emt 0:02:14]} Nc6 {[%emt 0:02:20]} 26. Rf4 {[%emt 0:11:33]} Ne5 {[%emt 0:01:41]} 27. Rxh4 {[%emt 0:01:04]} Rxd3 {[%emt 0:01:12]} 28. Rxd3 {[%emt 0:00:16]} Nxd3 {[%emt 0:00:01]} 29. b3 {[%emt 0:00:08]} Ne5 {[%emt 0:07:05]} 30. Rf4 {[%emt 0:07:12]} Ke6 {[%emt 0:01:31]} 31. Nc7+ {[%emt 0:05:27]} Kd7 {[%emt 0:00:07]} 32. Nd5 {[%emt 0:00:04]} Ke6 {[%emt 0:00:28]} 33. Nc7+ {[%emt 0:01:03]} Kd7 {[%emt 0:00:05]} 34. Nd5 {[%emt 0:00:05]} Ke6 {[%emt 0:00:05]} 35. Nc7+ {[%emt 0:00:50]} 1/2-1/2

[Event "WJCC U20 Girls 2019"]
[Site "New Delhi"]
[Date "2019.10.17"]
[Round "4.4"]
[White "Solozhenkina, Elizaveta"]
[Black "Vaishali R"]
[Result "1/2-1/2"]
[WhiteElo "2283"]
[BlackElo "2385"]
[Annotator "NA"]
[PlyCount "88"]
[EventDate "2019.10.15"]
[EventType "swiss"]
[EventCountry "IND"]
[SourceTitle "playchess.com"]
[Source "ChessBase"]
[SourceQuality "1"]
[TimeControl "40/5400+30:1800+30"]

1. e4 {[%emt 0:00:00]} c5 {[%emt 0:00:16]} 2. Nf3 {[%emt 0:00:00]} d6 {[%emt 0:00:37]} 3. d4 {[%emt 0:00:46]} cxd4 {[%emt 0:00:06]} 4. Nxd4 {[%emt 0:00:07]} Nf6 {[%emt 0:00:03]} 5. Nc3 {[%emt 0:02:54]} Nc6 {[%emt 0:00:06]} 6. Bg5 {[%emt 0:00:26]} e6 {[%emt 0:00:08]} 7. Qd2 {[%emt 0:00:42]} a6 {[%emt 0:00:06]} 8. O-O-O {[%emt 0:03:05]} Be7 {[%emt 0:00:06]} 9. f4 {[%emt 0:01:02]} Bd7 {[%emt 0:00:32]} 10. Nf3 {[%emt 0:01:24]} b5 {[%emt 0:00:24]} 11. Bxf6 {[%emt 0:00:44]} gxf6 {[%emt 0:00:09]} 12. Kb1 {[%emt 0:00:15]} Qb6 {[%emt 0:00:47]} 13. f5 {[%emt 0:00:08]} O-O-O {[%emt 0:03:13]} 14. g3 {[%emt 0:08:22]} Kb8 {[%emt 0:01:15]} 15. fxe6 {[%emt 0:02:43]} fxe6 {[%emt 0:01:41]} 16. Bh3 {[%emt 0:00:34]} Rhe8 {[%emt 0:02:25]} 17. Qh6 {[%emt 0:03:23]} Bc8 {[%emt 0:30:36]} 18. Rhe1 {[%emt 0:12:22]} Qc5 {[%emt 0:11:03]} 19. Ne2 {[%emt 0:11:21]} d5 {[%emt 0:22:29]} 20. exd5 {[%emt 0:06:32]} Rxd5 {[%emt 0:00:31]} 21. Qxh7 {[%emt 0:11:04]} f5 {[%emt 0:09:01]} 22. Qg6 {[%emt 0:14:34]} Red8 {[%emt 0:04:55]} 23. Rxd5 {[%emt 0:00:55]} Qxd5 {[%emt 0:00:35]} 24. Bg2 {[%emt 0:02:14]} Ne5 {[%emt 0:04:02]} 25. Nxe5 {[%emt 0:01:20]} Qxe5 {[%emt 0:00:17]} 26. Qh5 {[%emt 0:01:14]} Bf6 {[%emt 0:06:00]} 27. c3 {[%emt 0:00:05]} Qe3 {[%emt 0:01:17]} 28. Qf3 {[%emt 0:03:59]} Qxf3 {[%emt 0:00:03]} 29. Bxf3 {[%emt 0:00:05]} e5 {[%emt 0:00:05]} 30. Kc2 {[%emt 0:04:01]} Rh8 {[%emt 0:01:28]} 31. h4 {[%emt 0:02:26]} e4 {[%emt 0:00:39]} 32. Bg2 {[%emt 0:00:45]} Rg8 {[%emt 0:00:26]} 33. Bh3 {[%emt 0:00:49]} Be6 {[%emt 0:00:34]} 34. Rf1 {[%emt 0:05:10]} Bc4 {[%emt 0:00:29]} 35. Kd1 {[%emt 0:01:21]} Rd8+ {[%emt 0:00:33]} 36. Ke1 {[%emt 0:00:00]} e3 {[%emt 0:00:28]} 37. Rf3 {[%emt 0:01:02]} Rd2 {[%emt 0:00:29]} 38. Rxe3 {[%emt 0:00:13]} Rxb2 {[%emt 0:00:08]} 39. Bxf5 {[%emt 0:00:24]} Rxa2 {[%emt 0:00:19]} 40. Be6 {[%emt 0:00:53]} Rxe2+ {[%emt 0:01:05]} 41. Rxe2 {[%emt 0:01:59]} Bxc3+ {[%emt 0:01:50]} 42. Kd1 {[%emt 0:01:23]} Bxe2+ {[%emt 0:00:05]} 43. Kxe2 {[%emt 0:00:02]} Kc7 {[%emt 0:00:26]} 44. g4 {[%emt 0:07:13]} Kd6 {[%emt 0:01:29]} 1/2-1/2

[Event "WJCC U20 Girls 2019"]
[Site "New Delhi"]
[Date "2019.10.17"]
[Round "4.5"]
[White "Assaubayeva, Bibisara"]
[Black "Protopopova, Anastasiya"]
[Result "1-0"]
[WhiteElo "2381"]
[BlackElo "2263"]
[Annotator "NA"]
[PlyCount "96"]
[EventDate "2019.10.15"]
[EventType "swiss"]
[EventCountry "IND"]
[SourceTitle "playchess.com"]
[Source "ChessBase"]
[SourceQuality "1"]
[TimeControl "40/5400+30:1800+30"]

1. d4 {[%emt 0:00:00]} d5 {[%emt 0:00:00]} 2. c4 {[%emt 0:00:52]} c6 {[%emt 0:00:00]} 3. Nf3 {[%emt 0:00:18]} Nf6 {[%emt 0:00:00]} 4. e3 {[%emt 0:01:05]} Bf5 {[%emt 0:01:11]} 5. Nc3 {[%emt 0:00:28]} e6 {[%emt 0:00:08]} 6. Nh4 {[%emt 0:01:35]} Be4 {[%emt 0:00:08]} 7. f3 {[%emt 0:00:45]} Bg6 {[%emt 0:00:06]} 8. Qb3 {[%emt 0:00:22]} Qc7 {[%emt 0:00:36]} 9. Bd2 {[%emt 0:00:22]} Nbd7 {[%emt 0:01:42]} 10. cxd5 {[%emt 0:05:57]} exd5 {[%emt 0:07:24]} 11. Nxg6 {[%emt 0:06:19]} hxg6 {[%emt 0:00:07]} 12. O-O-O {[%emt 0:03:00]} O-O-O {[%emt 0:18:19]} 13. e4 {[%emt 0:10:32]} dxe4 {[%emt 0:04:01]} 14. fxe4 {[%emt 0:01:42]} Nb6 {[%emt 0:02:54]} 15. Bg5 {[%emt 0:03:04]} Rh5 {[%emt 0:08:21]} 16. h4 {[%emt 0:01:45]} Rxg5 {[%emt 0:04:15]} 17. hxg5 {[%emt 0:00:16]} Ng4 {[%emt 0:04:33]} 18. Rd2 {[%emt 0:10:55]} Qf4 {[%emt 0:13:59]} 19. Be2 {[%emt 0:05:14]} Be7 {[%emt 0:17:53]} 20. Rf1 {[%emt 0:02:24]} Qxg5 {[%emt 0:00:53]} 21. Qxf7 {[%emt 0:07:48]} Ne3 {[%emt 0:00:37]} 22. Qe6+ {[%emt 0:02:57]} Kb8 {[%emt 0:03:08]} 23. Rf7 {[%emt 0:03:37]} Bd6 {[%emt 0:01:12]} 24. Kb1 {[%emt 0:09:19]} Nxg2 {[%emt 0:05:23]} 25. Rd1 {[%emt 0:01:29]} Ne3 {[%emt 0:02:26]} 26. Rc1 {[%emt 0:01:42]} Bb4 {[%emt 0:02:29]} 27. Rxg7 {[%emt 0:03:23]} Rxd4 {[%emt 0:01:10]} 28. Rxg6 {[%emt 0:04:46]} Qe7 {[%emt 0:00:06]} 29. Rg8+ {[%emt 0:01:57]} Rd8 {[%emt 0:00:02]} 30. Qg6 {[%emt 0:05:01]} Nec4 {[%emt 0:01:19]} 31. Bxc4 {[%emt 0:01:32]} Nxc4 {[%emt 0:00:05]} 32. Rd1 {[%emt 0:01:27]} Rf8 {[%emt 0:00:59]} 33. Qg3+ {[%emt 0:01:30]} Bd6 {[%emt 0:00:30]} 34. Rxf8+ {[%emt 0:01:15]} Qxf8 {[%emt 0:00:02]} 35. Qd3 {[%emt 0:00:08]} b5 {[%emt 0:00:16]} 36. b3 {[%emt 0:02:15]} Na3+ {[%emt 0:00:15]} 37. Kb2 {[%emt 0:00:00]} Be5 {[%emt 0:01:26]} 38. Qd8+ {[%emt 0:01:19]} Qxd8 {[%emt 0:00:02]} 39. Rxd8+ {[%emt 0:00:01]} Kc7 {[%emt 0:00:01]} 40. Re8 {[%emt 0:00:27]} Bd4 {[%emt 0:00:00]} 41. Kxa3 {[%emt 0:03:31]} Bxc3 {[%emt 0:01:48]} 42. Re7+ {[%emt 0:05:12]} Kb6 {[%emt 0:03:14]} 43. b4 {[%emt 0:00:33]} a5 {[%emt 0:00:37]} 44. bxa5+ {[%emt 0:00:06]} Bxa5 {[%emt 0:00:58]} 45. e5 {[%emt 0:00:41]} Kc5 {[%emt 0:15:11]} 46. e6 {[%emt 0:03:49]} Kc4 {[%emt 0:04:07]} 47. Kb2 {[%emt 0:00:18]} Bc3+ {[%emt 0:01:25]} 48. Kc2 {[%emt 0:00:06]} Kd5 1-0

[Event "WJCC U20 Girls 2019"]
[Site "New Delhi"]
[Date "2019.10.17"]
[Round "4.6"]
[White "Vantika Agrawal"]
[Black "Divya Deshmukh"]
[Result "1/2-1/2"]
[WhiteElo "2283"]
[BlackElo "2358"]
[Annotator "NA"]
[PlyCount "98"]
[EventDate "2019.10.15"]
[EventType "swiss"]
[EventCountry "IND"]
[SourceTitle "playchess.com"]
[Source "ChessBase"]
[SourceQuality "1"]
[TimeControl "40/5400+30:1800+30"]

1. d4 {[%emt 0:00:00]} Nf6 {[%emt 0:00:00]} 2. c4 {[%emt 0:00:00]} e6 {[%emt 0:00:00]} 3. g3 {[%emt 0:00:03]} d5 {[%emt 0:00:00]} 4. Bg2 {[%emt 0:00:09]} Be7 {[%emt 0:00:00]} 5. Nf3 {[%emt 0:00:06]} O-O {[%emt 0:00:03]} 6. O-O {[%emt 0:00:08]} dxc4 {[%emt 0:00:03]} 7. Qc2 {[%emt 0:00:27]} c6 {[%emt 0:00:04]} 8. Qxc4 {[%emt 0:01:30]} b5 {[%emt 0:00:05]} 9. Qc2 {[%emt 0:00:28]} Bb7 {[%emt 0:00:07]} 10. Rd1 {[%emt 0:02:26]} Nbd7 {[%emt 0:00:40]} 11. Ne5 {[%emt 0:18:56]} Nxe5 {[%emt 0:07:23]} 12. dxe5 {[%emt 0:00:09]} Nd5 {[%emt 0:01:37]} 13. Nc3 {[%emt 0:11:46]} Qb6 {[%emt 0:05:46]} 14. Nxd5 {[%emt 0:02:48]} cxd5 {[%emt 0:01:07]} 15. Be3 {[%emt 0:00:21]} Qa5 {[%emt 0:00:46]} 16. Bd2 {[%emt 0:08:22]} Qb6 {[%emt 0:00:35]} 17. Be3 {[%emt 0:01:41]} Qa5 {[%emt 0:00:39]} 18. Bd2 {[%emt 0:01:05]} Qa6 {[%emt 0:02:18]} 19. Qb3 Bc5 {[%emt 0:04:34]} 20. e3 {[%emt 0:11:28]} Qb6 {[%emt 0:01:43]} 21. a4 {[%emt 0:05:46]} bxa4 {[%emt 0:02:09]} 22. Qxa4 {[%emt 0:00:10]} Rfc8 {[%emt 0:08:13]} 23. Ba5 {[%emt 0:08:15]} Qc6 {[%emt 0:00:58]} 24. Qxc6 {[%emt 0:00:15]} Bxc6 {[%emt 0:00:06]} 25. Bf1 {[%emt 0:05:55]} a6 {[%emt 0:14:05]} 26. Bc3 {[%emt 0:00:59]} Bb5 {[%emt 0:02:26]} 27. Bg2 {[%emt 0:01:09]} Rd8 {[%emt 0:05:06]} 28. Rdc1 {[%emt 0:00:45]} Bb6 {[%emt 0:02:29]} 29. Bf1 {[%emt 0:01:25]} h6 {[%emt 0:05:50]} 30. Ra3 {[%emt 0:02:12]} Rab8 {[%emt 0:01:45]} 31. Bxb5 {[%emt 0:05:44]} axb5 {[%emt 0:00:01]} 32. Rb3 {[%emt 0:00:52]} d4 {[%emt 0:04:13]} 33. exd4 {[%emt 0:01:55]} Bxd4 {[%emt 0:00:10]} 34. Bxd4 {[%emt 0:00:05]} Rxd4 {[%emt 0:00:02]} 35. Rc7 {[%emt 0:00:34]} Re4 {[%emt 0:05:12]} 36. Rf3 {[%emt 0:00:46]} Rf8 {[%emt 0:00:04]} 37. Rc5 {[%emt 0:02:01]} Rb4 {[%emt 0:08:32]} 38. b3 {[%emt 0:00:32]} Kh7 {[%emt 0:01:04]} 39. Kg2 {[%emt 0:05:26]} Kg6 {[%emt 0:00:54]} 40. h4 {[%emt 0:01:00]} h5 {[%emt 0:01:01]} 41. Kf1 {[%emt 0:09:27]} Ra8 {[%emt 0:17:54]} 42. Rc7 {[%emt 0:04:13]} f6 {[%emt 0:00:14]} 43. Re3 {[%emt 0:03:12]} Ra3 {[%emt 0:13:52]} 44. exf6 {[%emt 0:04:30]} gxf6 {[%emt 0:00:22]} 45. Rxe6 {[%emt 0:00:53]} Raxb3 {[%emt 0:00:06]} 46. Kg2 {[%emt 0:00:50]} Rc4 {[%emt 0:00:15]} 47. Rb7 {[%emt 0:03:26]} Rc5 {[%emt 0:01:05]} 48. Rbb6 {[%emt 0:03:46]} Rf5 {[%emt 0:00:10]} 49. f4 {[%emt 0:00:36]} Rb1 {[%emt 0:01:10]} 1/2-1/2

[Event "WJCC U20 Girls 2019"]
[Site "New Delhi"]
[Date "2019.10.17"]
[Round "4.7"]
[White "Mrudul Dehankar"]
[Black "Antova, Gabriela"]
[Result "1/2-1/2"]
[WhiteElo "2227"]
[BlackElo "2318"]
[Annotator "TA"]
[PlyCount "114"]
[EventDate "2019.10.15"]
[EventType "swiss"]
[EventCountry "IND"]
[SourceTitle "playchess.com"]
[Source "ChessBase"]
[SourceQuality "1"]

{[%evp 16,114,10,10,12,0,8,0,0,0,0,0,27,19,43,-6,0,-22,-13,-18,-4,-11,0,0,0,0,7,-46,-21,-11,0,-38,-32,-58,34,10,14,-54,-47,-59,0,0,39,-44,0,-46,-50,-99,-108,-117,-127,-125,-114,-118,-15,-104,-131,-90,-21,-4,0,-164,-144,-336,-318,-321,-319,-347,-330,-346,-258,-259,-189,-286,-304,-292,-286,-260,-217,-291,-286,-285,-272,-295,-292,-272,-152,-143,0,0,0,0,0,0,0,0,0,0,0,0,0]} 1. e4 c5 2. Nf3 d6 3. d4 cxd4 4. Nxd4 Nf6 5. Nc3 a6 6. Bg5 e6 7. f4 h6 8. Bh4 Qb6 9. a3 Be7 {B96: Sicilian Najdorf: 6 Bg5 e6 7 f4, lines other than 7...Qb6 and 7...Be7} 10. Bf2 Qc7 11. Qf3 Nbd7 12. O-O-O b5 13. g4 Bb7 14. Bg2 (14. h4 Nc5 15. Bd3 d5 16. e5 Nfe4 17. Be1 {1-0 (45) Wei,Y (2737)-Lu,S (2619) Changsha 2019}) 14... g5 15. Qh3 {Threatens to win with fxg5.} O-O-O {[#]} 16. f5 $146 ({Predecessor:} 16. fxg5 hxg5 17. Qg3 {½-½ (26) Tomczak,J (2589)-Sadzikowski,D (2588) Warsaw 2018}) 16... e5 17. Nb3 h5 18. gxh5 Rxh5 19. Qg3 Rdh8 20. h3 Kb8 21. Be3 (21. Qf3 $11) 21... Rc8 $36 {[%mdl 2048] Strongly threatening ...Nxe4! Black has the initiative.} 22. Rd2 Rg8 23. Rdd1 Rh4 {[%cal Rf6e4]} 24. Qe1 $1 Bd8 ({Reject} 24... Nxe4 25. Bxe4 Bxe4 26. Nxe4 $11) ({Black should play} 24... Nh5 $15) 25. Bf2 Rh6 26. Nd5 (26. Qd2 $11) 26... Nxd5 27. exd5 Qc4 (27... g4 $15 28. h4 Rh5) 28. Kb1 $11 Qa4 29. Qd2 (29. Rd3 $14) 29... Qf4 30. Be3 Qxf5 31. Rhf1 Qg6 32. Na5 Bxa5 $1 33. Qxa5 {[#]} f5 $1 34. a4 bxa4 (34... f4 $17 35. Bg1 Rc8) 35. Rd3 (35. Qxa4 $11 Rh7 36. Rfe1) 35... f4 $17 36. Rc3 Rc8 (36... Rh7 $17 37. Bb6 Nxb6 38. Qxb6 Ka8) 37. Rxc8+ $11 Kxc8 38. Bg1 $2 (38. Ba7 $11 {and White is okay.}) 38... e4 $19 39. Rd1 $2 (39. Ba7 $17) 39... e3 40. Qxa4 Nc5 41. Qc4 Kd8 42. Re1 Qe8 43. Qd4 Qe5 44. Bxe3 (44. Qxe5 {was forced.} dxe5 {[#]} 45. Rxe3 $1 {[%mdl 512]} fxe3 46. Bxe3) 44... fxe3 45. Qxe5 dxe5 46. Rxe3 Nd7 47. Rb3 Bc8 48. Rg3 Rg6 49. c4 Ke7 50. Kc2 Nf6 (50... a5 $19 {And now ...Nc5 would win.} 51. Be4 Rf6) 51. Re3 $17 Kd6 {[#]} (51... Bf5+ $17 52. Kc3 Nd7) 52. c5+ $1 $11 {[%mdl 576] Decoy. The position is equal.} Kxc5 53. Rc3+ Kd4 54. Rd3+ Kc5 55. Rc3+ Kd4 56. Rd3+ Kc5 57. Rc3+ Kd4 {Accuracy: White = 42%, Black = 47%.} 1/2-1/2

[Event "WJCC U20 Girls 2019"]
[Site "New Delhi"]
[Date "2019.10.17"]
[Round "4.8"]
[White "Rakshitta Ravi"]
[Black "Toshali, V."]
[Result "1-0"]
[WhiteElo "2310"]
[BlackElo "1868"]
[Annotator "NA"]
[PlyCount "57"]
[EventDate "2019.10.15"]
[EventType "swiss"]
[EventCountry "IND"]
[SourceTitle "playchess.com"]
[Source "ChessBase"]
[SourceQuality "1"]
[TimeControl "40/5400+30:1800+30"]

1. Nf3 {[%emt 0:00:00]} d5 {[%emt 0:00:00]} 2. g3 {[%emt 0:00:09]} c6 {[%emt 0:00:00]} 3. Bg2 {[%emt 0:00:05]} Bg4 {[%emt 0:00:00]} 4. O-O {[%emt 0:00:17]} e6 {[%emt 0:00:15]} 5. d3 {[%emt 0:00:17]} Nf6 {[%emt 0:00:09]} 6. h3 {[%emt 0:00:11]} Bh5 {[%emt 0:00:23]} 7. Qe1 {[%emt 0:01:11]} Be7 {[%emt 0:02:24]} 8. e4 {[%emt 0:02:13]} dxe4 {[%emt 0:00:30]} 9. dxe4 {[%emt 0:00:08]} Nbd7 {[%emt 0:11:38]} 10. b3 {[%emt 0:03:01]} O-O {[%emt 0:05:49]} 11. Bb2 {[%emt 0:01:40]} a5 {[%emt 0:02:33]} 12. a3 {[%emt 0:05:57]} Qc7 {[%emt 0:09:18]} 13. Nbd2 {[%emt 0:00:57]} Rfd8 {[%emt 0:10:19]} 14. Nh2 {[%emt 0:09:51]} Bg6 {[%emt 0:13:29]} 15. f4 {[%emt 0:05:14]} h6 {[%emt 0:00:32]} 16. Nhf3 {[%emt 0:05:39]} Bh7 {[%emt 0:03:31]} 17. Kh1 {[%emt 0:01:53]} Nc5 {[%emt 0:04:08]} 18. Ne5 {[%emt 0:00:30]} Ne8 {[%emt 0:02:52]} 19. Qe3 {[%emt 0:07:31]} Na6 {[%emt 0:06:37]} 20. Qe2 {[%emt 0:11:51]} Bf6 {[%emt 0:00:57]} 21. Bf3 {[%emt 0:01:26]} Nc5 {[%emt 0:03:51]} 22. Rad1 {[%emt 0:02:44]} Nd6 {[%emt 0:06:59]} 23. Bd4 {[%emt 0:03:45]} Nd7 24. Ba1 {[%emt 0:15:41]} Bxe5 {[%emt 0:10:37]} 25. fxe5 {[%emt 0:00:35]} Ne8 {[%emt 0:00:16]} 26. Nc4 {[%emt 0:01:18]} Nf8 {[%emt 0:00:55]} 27. Qf2 {[%emt 0:03:16]} Qe7 {[%emt 0:01:11]} 28. Bd4 {[%emt 0:01:42]} Bg6 {[%emt 0:02:32]} 29. Bc5 {[%emt 0:00:39]} 1-0